| 000 | 00589cam a2200145 4500500 | ||
|---|---|---|---|
| 005 | 20260111142256.0 | ||
| 041 | _afre | ||
| 042 | _adc | ||
| 100 | 1 | 0 |
_aMoureau, François _eauthor |
| 245 | 0 | 0 | _aVéronique Meyer et Marie-Luce Pujalte-Fraysse (dir.), La Famille d’Argenson et les arts, Rennes, PUR, coll. « Art et Société », 2019, 296 p. |
| 260 | _c2020. | ||
| 500 | _a18 | ||
| 786 | 0 | _nDix-huitième siècle | 52 | 1 | 2020-10-01 | p. LXXXIV-LXXXIV | 0070-6760 | |
| 856 | 4 | 1 | _uhttps://shs.cairn.info/revue-dix-huitieme-siecle-2020-1-page-LXXXIV?lang=fr&redirect-ssocas=7080 |
| 999 |
_c1635853 _d1635853 |
||